Governance in India: (Record no. 191746)

MARC details
000 -LEADER
fixed length control field 00636nam a22001817a 4500
005 - DATE AND TIME OF LATEST TRANSACTION
control field 20220901160015.0
010 ## - LCCN (DPL NO)
LC control number ENG-134876
020 ## - INTERNATIONAL STANDARD BOOK NUMBER
International Standard Book Number 978935449753
Terms of availability 579.00
035 ## - SYSTEM CONTROL NUMBER
System control number EN-118408
037 ## - SOURCE OF ACQUISITION
Source of stock number/acquisition DBAD/PUB
082 ## - DEWEY DECIMAL CLASSIFICATION NUMBER
Classification number 338.954
100 ## - MAIN ENTRY--PERSONAL NAME
Personal name Karthikeyan, M.
245 ## - TITLE STATEMENT
Title Governance in India:
Remainder of title Basics and Beyond/
Statement of responsibility, etc M. Karthikeyan
260 ## - PUBLICATION, DISTRIBUTION, ETC. (IMPRINT)
Place of publication, distribution, etc Uttar Pradesh
Name of publisher, distributor, etc Pearson INdia Education Services Pvt Ltd
Date of publication, distribution, etc 2022
270 ## - ADDRESS
City Noida
Address 15th Floor, Tower-B, World Trade Tower, Plot No. 1, Block-C, Sector-16
Postal code 201301
Electronic mail address companysecretary.india@pearson.com
300 ## - PHYSICAL DESCRIPTION
Extent vp.
Dimensions 25cm(pbk)
942 ## - ADDED ENTRY ELEMENTS (KOHA)
Source of classification or shelving scheme Dewey Decimal Classification
Item type English Books
Classification part 338.954
Call number suffix KAR
Holdings
Withdrawn status Lost status Not for loan Collection code Home library Current library Date acquired Source of acquisition Cost, normal purchase price Full call number Barcode Copy number Cost, replacement price Koha item type
      Non-fiction Shahdara Branch Shahdara Branch 01/09/2022 DBAD/PUB 579.00 338.954 KAR EN-118408 1 579.00 English Books

© Delhi Public Library
Hit Counter
free hit counter